000 00402nam a2200157 i 4500
001 65418
003 ES-MaACL
005 20230906165350.0
007 t|
008 040113s1969 sp |||| | spa d
100 1 _aFresno, Leónides.
_952536
245 1 0 _aAgua que mana en paz /
_cLeónides Fresno.
260 _aLeón :
_b[s.n.],
_c1969.
300 _a102 p. ;
_c17 cm.
852 _aES-MaACL
_jC-40477
999 _c65418
_d65418